Štátna politika na podporu študentskej mobility v regióne Strednej Európy diplomová práca

Salvato in:
Dettagli Bibliografici
Autore principale: Zemaníková, Natália
Ente Autore: Fakulta medzinárodných vzťahov EU. Katedra medzinárodných ekonomických vzťahov a hospodárskej diplomacie
Altri autori: Mattoš, Boris, 1977-
Natura: Libro
Lingua:slovacco
Pubblicazione: Bratislava 2025
Tags: Aggiungi Tag
Nessun Tag, puoi essere il primo ad aggiungerne!!

MARC

LEADER 00000nbm a2200000 4500
001 0309607
005 20260115135326.8
041 0 |a slo 
044 |a SK 
245 1 0 |a Štátna politika na podporu študentskej mobility v regióne Strednej Európy  |b diplomová práca  |c Natália Zemaníková ; školiteľ: Boris Mattoš 
264 1 |a Bratislava  |c 2025 
300 |a 100 s. 
100 1 |a Zemaníková, Natália 
700 1 |a Mattoš, Boris, 1977- 
710 2 |a Fakulta medzinárodných vzťahov EU. Katedra medzinárodných ekonomických vzťahov a hospodárskej diplomacie